MARC

LEADER 00000nam0a2200000 4500
001 359989
005 20231102011235.0
035 |a (RuTPU)RU\TPU\retro\17296 
035 |a RU\TPU\retro\17294 
090 |a 359989 
100 |a 20210217d1897 k y0frey50 ba 
101 0 |a fre 
102 |a BE 
105 |a a z 000zy 
200 1 |a Sur quelques dérivés fluobromés en C2  |e deuxiéme communication  |f Fred. Swarts  |e [оттиск статьи] 
210 |a Bruxelles  |c Hayez, Imprimeur de L'Académie Royale des Sciences, des lettres et des beaux-arts de Belgique  |d 1897 
215 |a P. 307-326 (20 p.)  |c tabl. 
225 1 |a Bull. de l'Acad. roy. de Belgique  |i 3 ser.  |v T. 34 
300 |a Параллельная пагинация страниц 
300 |a В описании используется грамматика 19 века 
316 |5 63413507: 25//145  |a На с. 307 (1) надпись: "В дар от Н. В. Асташева 25/X 904 г." 
316 |5 63413507: 25//145  |a Экземпляр не разрезан 
317 |5 63413507: 25//145  |a Поступил в НТБ в 1904 г. в дар от наследников Н. В. Асташева 
320 |a Библиогр. в примеч. 
541 1 |a К вопросу о некоторых производных фторированного и бромированного диуглерода  |z fre 
606 1 |a Углерод  |x Химия  |2 stltpush  |3 (RuTPU)RU\TPU\subj\75001  |9 86901 
606 1 |a Углерод, соединения  |x Химия  |2 stltpush  |3 (RuTPU)RU\TPU\subj\75002  |9 86902 
610 1 |a фторорганические соединения 
610 1 |a Коллекция Н. В. Асташева 
610 1 |a дары 
610 1 |a дары библиотеке 
610 1 |a французский язык 
610 1 |a углерод-углерод 
610 1 |a бром 
610 1 |a производные 
610 1 |a фторирование 
610 1 |a фтористые соединения 
610 1 |a бромирование 
610 1 |a бромистые соединения 
610 1 |a углеродные соединения 
610 1 |a оттиски 
675 |a 546.26  |v 3 
700 1 |a Swarts  |b Fred.  |g Frédéric 
801 1 |a RU  |b 63413507  |c 20210216 
801 2 |a RU  |b 63413507  |c 20220615  |g RCR 
942 |c BK